000 00923caa a22002537a 4500
999 _c410452
_d410452
001 123399
003 UA-OsUOA
005 20191217185233.0
007 ta
008 20170614b un ||||| |||| 00| 0 ukr d
040 _aUA-OsUOA
_bukr
_cUA-OsUOA
_dUA-OsUOA
041 _aukr
080 _a908
090 _a908
_bЗ-51
100 _aЗемельний В.
245 _aІсторія Свято-Воскресенського храму міста Острога
_cВ. Земельний, Я. Бондарчук
300 _aС. 113–117
650 7 _a908 Краєзнавство
_2UDC
700 _aБондарчук Я.
773 0 _0360162
_9384710
_dОстрог Острозька друкарня 2010
_o131370
_tОстрозький краєзнавчий збірник
_w(UA-OsUOA) 73867
942 _cBKA
_2udc
955 _a1